000 00309nam a2200121Ia 4500
005 20251222155112.0
008 251222s9999||||xx |||||||||||||| ||spa||
082 _aEPI.25.1-2/Ej.2
245 0 _aEpidemiología y administración de servicios de salud
250 _a1ra. ed.
264 _bOPS/OMS
942 _cLIB
999 _c38089
_d38089